Statistieken voor Hoofdsteden amerika

Klik hier om de quiz te nemen!

Algemene statistieken

  • Deze quiz is 43 keer genomen
  • De gemiddelde score is 12 van 15

Antwoordstatistieken

HintAntwoord% Correct
BraziliëBrasilia
100%
ArgentiniëBuenos Aires
100%
MexicoMexico-Stad
93%
Verenigde StatenWashington D.C.
93%
PeruLima
87%
CanadaOttawa
87%
BoliviaLa Paz, Sucre
80%
UruguayMontevideo
80%
ColombiaBogota
73%
CubaHavana
73%
ChiliSantiago
73%
VenezuelaCaracas
67%
EcuadorQuito
67%
NicaraguaManagua
60%
ParaguayAsunción
53%

Scoreverdeling

Percentiel versus Aantal Correcte Antwoorden

Procent van Mensen met Elke Score

Uw Scoregeschiedenis

U heeft deze quiz nog niet genomen